عرض عادي
عرض مارك
- علي، عماد أحمد حسن.
مدخل إسم شخص
001 - رقم الضبط
- حقل الضبط: 16731
003 - معرف رقم الضبط
- حقل الضبط: OSt
005 - تاريخ ووقت أخر عملية
- حقل الضبط: 20120729151246.0
008 - عناصر بيانات ثابتة الطول
- حقل تحكم ثابت الطول: 120729|||a|||||| | ||| d
040 ## - مصدر الفهرسة
- هيئة الفهرسة الأصلية: OSt
- وكالة الكتابة: OSt
100 ## - مدخل -- أسم شخص
- إسم شخص: علي، عماد أحمد حسن.
670 ## - بيانات المصدر موجوده
- الاستشهاد بالمصدر: Work cat.: (OSt): علي، عماد أحمد حسن., القياس النفسي والتقويم التربوي للمعلمين بين النظرية والتطبيق /, 2010
